000 00366nam a2200157Ia 4500
003 Ost
005 20260225132539.0
008 260225s9999||||xx |||||||||||||| ||und||
040 _cfsic
041 _afre
082 _a302.23
100 _aAndré akoun
_eAuteur
245 0 _aSoçiologie des communications de masse /
245 0 _cAndré akoun
942 _cكتاب
999 _c33425
_d33425